[Event "RSA-ch U10 Girls"]
[Site "Waterkloof"]
[Date "2015.04.07"]
[Round "5"]
[White "Mkhize, Nosipho"]
[Black "Johannes, Gaby"]
[Result "1-0"]
[WhiteElo "779"]
[BlackElo "1012"]
[PlyCount "57"]
[EventDate "2015.04.04"]
[EventType "swiss"]
[EventRounds "9"]
[EventCountry "RSA"]
[SourceTitle "CBM 166 Extra"]
[Source "ChessBase"]
[SourceDate "2015.06.18"]
[SourceVersion "1"]
[SourceVersionDate "2015.06.18"]
[SourceQuality "1"]

1. e4 e5 2. Nf3 Nc6 3. Bc4 Bc5 4. d3 Nf6 5. Ng5 0-0 6. Nxf7 Rxf7 7. Bxf7+ Kxf7 8. 0-0 h6 9. Nc3 d6 10. h3 Be6 11. Qf3 Nd4 12. Qd1 Qd7 13. Kh2 Rd8 14. Be3 Nb5 15. Bxc5 Nxc3 16. bxc3 dxc5 17. Qf3 c4 18. Rad1 Qe7 19. d4 exd4 20. cxd4 c6 21. e5 Qc7 22. g3 Bd5 23. Qf4 Re8 24. e6+ Kxe6 25. Qxc7 Re7 26. Rde1+ Kf5 27. Rxe7 Kg6 28. Rxg7+ Kh5 29. Qe5# 1-0